01487cam a22004094i 4500003000900000005001700009008004100026020001500067035002700082040003300109082002100142245024300163264006600406300005500472336002100527337002500548338002300573505019600596526000900792526000900801526000900810526000900819526000900828526000900837526000800846526000800854526000800862526000800870526000800878526000800886650004400894651003000938651002800968700003100996700003001027700002001057PE-LiUPU20250731184609.0150616s r 000 0 d a0943872154 a(Sirsi) i9780943872155 aPE-LiUPUbspacPE-LiUPUerda04a915.695bM5322100aEnvironmental foundations :bstudies of climatical, geological, hydrological, and phytological conditions in Hesban and vicinity /ccolaboradores, Patricia Crawford [y otros]; editores del volumen, Øystein LaBianca Sakala, Larry Lacelle. 1aBerrien Springs, Michigan :bAndrews University Press,c1986. a174 páginas :bilustraciones ;c29 centímetros atext2rdacontent aunmediated2rdamedia avolume2rdacarrier0 aClimate of Tell Hesban and vicinity.- Bedrock, Surficial geology, and soils.- Surface and Groundwater resources of Tell Hesban and area, Jordan.- Flora of Tell Hesban and Area, Jordan.- Etc.. aP136 aP135 aP134 aP133 aP144 aP143 aP87 aP35 aP20 aP14 aP10 aP0604aExcavaciones (Arqueología)zJordania. aHesbón (Ciudad Extinta) aJordanxAntigüedades.1 aCrawford, Patricia,d1943-1 aLaBianca, Øystein Sakala1 aLacelle, Larry.